000 00848nac a22002777a 4500
001 BR7310457
003 BR-BrBNA
005 20240105113611.0
008 230509b bl.|||m| |||| 00| 0 por d
040 _aBR-BrBNA
_bpor
_cBiblioteca Nacional de Agricultura
072 _aF24
090 _aF24 BR7310457
100 1 _aBiasi, M. de
110 1 _aUniversidade de Sao Paulo, Sao Paulo (Brasil). Inst. de Geografia
_910547
245 1 _aMedidas graficas de uma carta topografica
260 3 _aSao Paulo, SP (Brasil):
_c1973.
300 _a11 p.
490 _aCaderno de Ciencias da Terra (Brazil)
_vno. 35
_x
500 _a6 illus.
650 _aCARTOGRAFIA
650 _aLEVANTAMENTO TOPOGRAFICO
650 _aRECONHECIMENTO DO SOLO
650 _aTOPOGRAFIA
909 _a202312
_bLúcia Elande
_c55
_dLúcia Elande
942 _2AGRIS
_n0
_cMS
999 _c264604
_d264604